サッカー大陸選手権歴代優勝国 - Statistics

General Stats
  • This quiz has been taken 38 times
  • The average score is 140 of 157
Answer Stats
大会名 優勝国 % Correct
1919 ブラジル
96%
1921 アルゼンチン
96%
1922 ブラジル
96%
1925 アルゼンチン
96%
1927 アルゼンチン
96%
1929 アルゼンチン
96%
1937 アルゼンチン
96%
1941 アルゼンチン
96%
1945 アルゼンチン
96%
1946 アルゼンチン
96%
1947 アルゼンチン
96%
1949 ブラジル
96%
1955 アルゼンチン
96%
1957 アルゼンチン
96%
1959 アルゼンチン
96%
1989 ブラジル
96%
1991 アルゼンチン
96%
1993 アルゼンチン
96%
1997 ブラジル
96%
1999 ブラジル
96%
2004 ブラジル
96%
2007 ブラジル
96%
2019 ブラジル
96%
2021 アルゼンチン
96%
2024 アルゼンチン
96%
AFCアジアカップ 1956 韓国
96%
1960 韓国
96%
1992 日本
96%
2000 日本
96%
2004 日本
96%
2011 日本
96%
2015 オーストラリア
96%
1964 スペイン
96%
2008 スペイン
96%
2012 スペイン
96%
2024 スペイン
96%
1980 オーストラリア
96%
1996 オーストラリア
96%
2000 オーストラリア
96%
2004 オーストラリア
96%
南米選手権 1916 ウルグアイ
93%
1917 ウルグアイ
93%
1920 ウルグアイ
93%
1923 ウルグアイ
93%
1924 ウルグアイ
93%
1926 ウルグアイ
93%
1935 ウルグアイ
93%
1942 ウルグアイ
93%
1953 パラグアイ
93%
1956 ウルグアイ
93%
1959 ウルグアイ
93%
1967 ウルグアイ
93%
1979 パラグアイ
93%
1983 ウルグアイ
93%
1987 ウルグアイ
93%
1995 ウルグアイ
93%
2011 ウルグアイ
93%
1968 イラン
93%
1972 イラン
93%
1976 イラン
93%
1984 サウジアラビア
93%
1988 サウジアラビア
93%
1996 サウジアラビア
93%
アフリカネイションズカップ 1957 エジプト
93%
1959 アラブ連合共和国
93%
1986 エジプト
93%
1992 コートジボワール
93%
1996 南アフリカ
93%
1998 エジプト
93%
2006 エジプト
93%
2008 エジプト
93%
2010 エジプト
93%
2015 コートジボワール
93%
2023 コートジボワール
93%
ヨーロッパネイションズカップ 1960 ソビエト連邦
93%
UEFA EURO 1968 イタリア
93%
1972 西ドイツ
93%
1980 西ドイツ
93%
1984 フランス
93%
1996 ドイツ
93%
2000 フランス
93%
2016 ポルトガル
93%
2020 イタリア
93%
1965 メキシコ
93%
1971 メキシコ
93%
1977 メキシコ
93%
CONCACAFゴールドカップ 1991 アメリカ
93%
1993 メキシコ
93%
1996 メキシコ
93%
1998 メキシコ
93%
2002 アメリカ
93%
2003 メキシコ
93%
2005 アメリカ
93%
2007 アメリカ
93%
2009 メキシコ
93%
2011 メキシコ
93%
2013 アメリカ
93%
2015 メキシコ
93%
2017 アメリカ
93%
2019 メキシコ
93%
2021 アメリカ
93%
2023 メキシコ
93%
2025 メキシコ
93%
OFCネイションズカップ 1973 ニュージーランド
93%
1998 ニュージーランド
93%
2002 ニュージーランド
93%
2008 ニュージーランド
93%
2016 ニュージーランド
93%
2024 ニュージーランド
93%
1939 ペルー
89%
コパ・アメリカ 1975 ペルー
89%
2015 チリ
89%
2016 チリ
89%
2007 イラク
89%
2019 カタール
89%
2023 カタール
89%
1963 ガーナ
89%
1965 ガーナ
89%
1978 ガーナ
89%
1980 ナイジェリア
89%
1982 ガーナ
89%
1994 ナイジェリア
89%
2004 チュニジア
89%
2013 ナイジェリア
89%
2021 セネガル
89%
1988 オランダ
89%
2001 コロンビア
85%
1976 モロッコ
85%
2025 モロッコ
85%
1992 デンマーク
85%
2004 ギリシャ
85%
1985 カナダ
85%
2000 カナダ
85%
1963 ボリビア
81%
1984 カメルーン
81%
1988 カメルーン
81%
1990 アルジェリア
81%
2000 カメルーン
81%
2002 カメルーン
81%
2017 カメルーン
81%
2019 アルジェリア
81%
1981 ホンジュラス
78%
1964 イスラエル
74%
1976 チェコスロバキア
74%
CONCACAF選手権 1963 コスタリカ
74%
1969 コスタリカ
74%
1989 コスタリカ
74%
1962 エチオピア
70%
1974 ザイール
67%
1968 コンゴ民主共和国
63%
1970 スーダン
63%
1973 ハイチ
63%
1980 クウェート
59%
2012 ザンビア
44%
1967 グアテマラ
44%
2012 タヒチ
37%
1972 コンゴ共和国
33%
No matching quizzes found
Score Distribution
Percent of People with Each Score
Percentile by Number Answered
Your Score History
You have not taken this quiz